[Event "Klaipeda Sea op-B 14th"]
[Site "Klaipeda"]
[Date "2017.07.25"]
[Round "2"]
[White "Griksaite, Leva"]
[Black "Motuza, Nedas"]
[Result "1/2-1/2"]
[WhiteElo "1174"]
[BlackElo "1367"]
[PlyCount "79"]
[EventDate "2017.07.25"]
[EventType "swiss"]
[EventRounds "7"]
[EventCountry "LTU"]
[SourceTitle "CBM 179 Extra"]
[Source "ChessBase"]
[SourceDate "2017.08.23"]
[SourceVersion "1"]
[SourceVersionDate "2017.08.23"]
[SourceQuality "1"]

1. d4 d5 2. c4 e6 3. Nf3 Be7 4. Bf4 Nf6 5. e3 0-0 6. Nc3 b6 7. Be2 Nbd7 8. 0-0 Bb7 9. cxd5 Nxd5 10. Nxd5 Bxd5 11. Rc1 c5 12. dxc5 Nxc5 13. b3 Rc8 14. h3 Bb7 15. Qxd8 Rfxd8 16. Rfd1 Ne4 17. Rxd8+ Bxd8 18. Rxc8 Bxc8 19. Bd3 Nc5 20. Bc2 Bf6 21. Bb8 a6 22. Be5 Bxe5 23. Nxe5 b5 24. b4 Nb7 25. Nc6 Kh8 26. Be4 Nd6 27. Bd3 Bb7 28. Na5 f6 29. Kf1 e5 30. g3 Kg8 31. Ke2 h6 32. Kd2 Kf7 33. Nb3 Bd5 34. Nc5 Bxa2 35. Nxa6 Bc4 36. Kc3 Bxd3 37. Kxd3 Kg6 38. f4 Kf7 39. g4 g5 40. f5 1/2-1/2

[Event "Plunge op 37th"]
[Site "Plateliai"]
[Date "2017.07.23"]
[Round "7"]
[White "Motuza, Nedas"]
[Black "Griksaite, Leva"]
[Result "0-1"]
[WhiteElo "1367"]
[BlackElo "1174"]
[PlyCount "44"]
[EventDate "2017.07.17"]
[EventType "swiss"]
[EventRounds "9"]
[EventCountry "LTU"]
[SourceTitle "EXT 2019"]
[Source "ChessBase"]
[SourceDate "2018.10.10"]
[SourceVersion "1"]
[SourceVersionDate "2018.10.10"]
[SourceQuality "1"]

1. d4 f5 2. Nf3 Nf6 3. Bf4 e6 4. e3 d5 5. Bd3 c6 6. Nbd2 Be7 7. c3 0-0 8. Ne5 Nbd7 9. Bg3 Qe8 10. f4 Ne4 11. Ndf3 Ndf6 12. Qe2 a6 13. 0-0 c5 14. Bc2 c4 15. Rae1 b5 16. h4 a5 17. a3 Rb8 18. Ng5 h6 19. Nxe4 Nxe4 20. h5 b4 21. Ng6 bxa3 22. bxa3 Bxa3 0-1

[Event "LTU-ch U12"]
[Site "Kaunas"]
[Date "2017.04.08"]
[Round "6"]
[White "Motuza, Nedas"]
[Black "Juodzevicius, Karolis"]
[Result "0-1"]
[WhiteElo "1411"]
[BlackElo "1486"]
[PlyCount "84"]
[EventDate "2017.04.05"]
[EventType "swiss"]
[EventRounds "8"]
[EventCountry "LTU"]
[SourceTitle "CBM 177 Extra"]
[Source "ChessBase"]
[SourceDate "2017.04.27"]
[SourceVersion "1"]
[SourceVersionDate "2017.04.27"]
[SourceQuality "1"]

1. d4 e6 2. Nf3 Nf6 3. Bf4 c5 4. e3 d5 5. c3 Nc6 6. Bd3 Be7 7. Ne5 Nxe5 8. dxe5 Nd7 9. Bg3 Qb6 10. Qc2 a6 11. Nd2 Bd8 12. f4 c4 13. Be2 Qxe3 14. Rf1 Qb6 15. Nf3 f6 16. Bf2 Qc7 17. Bd4 Be7 18. 0-0-0 Bc5 19. Bxc5 Nxc5 20. g3 Bd7 21. exf6 gxf6 22. Rde1 0-0-0 23. Nd4 b5 24. g4 Kb8 25. h3 e5 26. fxe5 fxe5 27. Nf5 Bxf5 28. Rxf5 d4 29. cxd4 exd4 30. b4 d3 31. Rxc5 dxc2 32. Rxc7 Kxc7 33. Kxc2 Rhe8 34. Kc3 Re3+ 35. Kc2 c3 36. Kc1 Rd2 37. a4 Rexe2 38. Rh1 bxa4 39. b5 axb5 40. g5 a3 41. g6 a2 42. Rh2 a1Q# 0-1

[Event "Kaunas Christmas"]
[Site "Kaunas"]
[Date "2016.12.16"]
[Round "3.3"]
[White "Motuza, Nedas"]
[Black "Pupka, Paulius"]
[Result "0-1"]
[WhiteElo "1403"]
[BlackElo "1246"]
[PlyCount "112"]
[EventDate "2016.12.12"]
[EventType "swiss"]
[EventRounds "6"]
[EventCountry "LTU"]
[SourceTitle "EXT 2024"]
[Source "ChessBase"]
[SourceDate "2023.10.10"]
[SourceVersion "1"]
[SourceVersionDate "2023.10.10"]
[SourceQuality "1"]

1. d4 d5 2. Bf4 Nf6 3. Nf3 Bf5 4. e3 e6 5. Be2 Nbd7 6. 0-0 c5 7. c3 Qb6 8. Qc1 Be7 9. Ne5 0-0 10. Bg5 Rfe8 11. f4 Nxe5 12. fxe5 Ne4 13. Bf4 Bg5 14. Bxg5 Nxg5 15. h4 Ne4 16. g4 Ng3 17. Rf2 Nxe2+ 18. Rxe2 Bxg4 19. Rg2 Bf5 20. h5 g6 21. Nd2 cxd4 22. exd4 Qc7 23. hxg6 fxg6 24. Nf3 Be4 25. Qe3 Rf8 26. Rf1 Qe7 27. Rgf2 Bxf3 28. Rxf3 Rxf3 29. Qxf3 Rf8 30. Qg2 Rxf1+ 31. Qxf1 Qf7 32. Qh3 Qf5 33. Qxf5 exf5 34. c4 dxc4 35. e6 Kf8 36. d5 Ke7 37. Kg2 g5 38. Kg3 h5 39. Kf3 Kd6 40. Kg3 b5 41. a3 a5 42. Kg2 b4 43. a4 c3 44. bxc3 bxc3 45. Kf3 c2 46. Ke3 c1Q+ 47. Kd4 Qd2+ 48. Kc4 Qxd5+ 49. Kc3 Kxe6 50. Kb2 Qd3 51. Ka2 Qc3 52. Kb1 Qd2 53. Ka1 Kd5 54. Kb1 Kc4 55. Ka1 Kb3 56. Kb1 Qb2# 0-1

[Event "Kaunas Christmas"]
[Site "Kaunas"]
[Date "2016.12.14"]
[Round "2.4"]
[White "Strazdas, Povilas"]
[Black "Motuza, Nedas"]
[Result "0-1"]
[WhiteElo "1130"]
[BlackElo "1403"]
[PlyCount "58"]
[EventDate "2016.12.12"]
[EventType "swiss"]
[EventRounds "6"]
[EventCountry "LTU"]
[SourceTitle "EXT 2024"]
[Source "ChessBase"]
[SourceDate "2023.10.10"]
[SourceVersion "1"]
[SourceVersionDate "2023.10.10"]
[SourceQuality "1"]

1. e4 c6 2. d4 d5 3. exd5 cxd5 4. Nf3 Bg4 5. Be2 Nc6 6. h3 Bxf3 7. Bxf3 e6 8. a3 Be7 9. Nc3 Nf6 10. Bd2 Nxd4 11. Be2 Rc8 12. 0-0 Ne4 13. Nxe4 dxe4 14. Re1 Nxc2 15. Bc3 Qxd1 16. Rexd1 Nxa1 17. Bxg7 Rg8 18. Bb5+ Rc6 19. Bxc6+ bxc6 20. Bd4 c5 21. Be5 Nb3 22. Bh2 Rg5 23. Bf4 Rd5 24. Re1 Bh4 25. Rxe4 Rd1+ 26. Kh2 Bxf2 27. g3 Nd4 28. Be3 Rg1 29. Bxf2 Nf3# 0-1

[Event "WchT Amateur"]
[Site "Kaunas"]
[Date "2016.11.28"]
[Round "9.4"]
[White "Davidonis, Jonas"]
[Black "Motuza, Nedas"]
[Result "0-1"]
[WhiteElo "1580"]
[BlackElo "1312"]
[PlyCount "58"]
[EventDate "2016.11.20"]
[EventType "team-swiss"]
[EventRounds "9"]
[EventCountry "LTU"]
[SourceTitle "CBM 175 Extra"]
[Source "ChessBase"]
[SourceDate "2016.12.12"]
[SourceVersion "1"]
[SourceVersionDate "2016.12.12"]
[SourceQuality "1"]
[WhiteTeam "Lithuania Standartas"]
[BlackTeam "Lithuania GAJA"]
[WhiteTeamCountry "LTU"]
[BlackTeamCountry "LTU"]

1. d4 d5 2. Nf3 Nf6 3. b3 Bf5 4. Bb2 e6 5. g3 Bd6 6. Bg2 0-0 7. 0-0 Nbd7 8. Nbd2 h6 9. Re1 c5 10. e3 cxd4 11. Nxd4 Bh7 12. c4 Ne4 13. f3 Nxg3 14. f4 Ne4 15. Nxe4 Bxe4 16. Nxe6 fxe6 17. Qg4 Qe7 18. cxd5 exd5 19. Re2 Nf6 20. Qh3 Qd7 21. Qg3 Qg4 22. Qe1 Bb4 23. Qf2 Qxg2+ 24. Qxg2 Bxg2 25. Rxg2 Rae8 26. Be5 Bc5 27. Kf2 Ng4+ 28. Rxg4 Rxe5 29. Rc1 Bxe3+ 0-1

[Event "Vilkaviskis-ch"]
[Site "Vilkaviskis"]
[Date "2016.11.06"]
[Round "5"]
[White "Motuza, Nedas"]
[Black "Arulis, Algimantas I"]
[Result "1/2-1/2"]
[WhiteElo "1312"]
[BlackElo "2078"]
[PlyCount "87"]
[EventDate "2016.11.04"]
[EventType "swiss"]
[EventRounds "5"]
[EventCountry "LTU"]
[SourceTitle "CBM 175 Extra"]
[Source "ChessBase"]
[SourceDate "2016.12.12"]
[SourceVersion "1"]
[SourceVersionDate "2016.12.12"]
[SourceQuality "1"]

1. d4 e6 2. c4 f5 3. Bf4 Nf6 4. Nc3 Bb4 5. Qc2 0-0 6. e3 d6 7. a3 Bxc3+ 8. Qxc3 Ne4 9. Qb3 Qe7 10. Nf3 b6 11. Bd3 Bb7 12. h3 Nd7 13. 0-0 Kh8 14. Bxe4 Bxe4 15. Qc3 Bxf3 16. gxf3 Qh4 17. Kh2 Qh5 18. Kg2 Rf6 19. Rg1 Rg6+ 20. Bg3 e5 21. f4 e4 22. Qc2 Rh6 23. Rh1 Nf6 24. Qd1 Qf7 25. Rc1 c6 26. b4 d5 27. c5 b5 28. a4 Qb7 29. a5 Qe7 30. Bh2 Kg8 31. Bg3 Kf7 32. h4 Rh5 33. Qe2 Re8 34. Rcg1 g6 35. Kf1 Ng4 36. Ke1 Rh8 37. Rh3 Ke8 38. Rgh1 Kd7 39. Kd2 a6 40. Ke1 h6 41. Kd2 Rh7 42. Ke1 Qe8 43. Kd2 Qh8 44. Qf1 1/2-1/2

[Event "EU-ch U10 25th"]
[Site "Porec"]
[Date "2015.09.25"]
[Round "5"]
[White "Grachev, Alexey1111"]
[Black "Motuza, Nedas"]
[Result "1-0"]
[WhiteElo "1853"]
[BlackElo "1242"]
[PlyCount "39"]
[EventDate "2015.09.21"]
[EventType "swiss"]
[EventRounds "9"]
[EventCountry "CRO"]
[SourceTitle "EXT 2016"]
[Source "ChessBase"]
[SourceDate "2015.10.08"]
[SourceVersion "1"]
[SourceVersionDate "2015.10.08"]
[SourceQuality "1"]

1. e4 c6 2. Nc3 d5 3. Nf3 Bg4 4. h3 Bxf3 5. Qxf3 e6 6. d4 dxe4 7. Nxe4 Qxd4 8. Bd3 Nd7 9. Be3 Qe5 10. 0-0 Ngf6 11. Bf4 Qa5 12. Rfe1 Be7 13. Nd6+ Bxd6 14. Bxd6 Qd5 15. Qg3 0-0-0 16. Rad1 Qh5 17. Be2 Qg6 18. Qa3 Ne8 19. Be7 Qxc2 20. Bd3 1-0

[Event "EU Union-ch U10"]
[Site "Kouty nad Desnou"]
[Date "2015.08.27"]
[Round "9"]
[White "Motuza, Nedas"]
[Black "Razafindratsima, Timothe"]
[Result "0-1"]
[WhiteElo "1204"]
[BlackElo "1629"]
[PlyCount "72"]
[EventDate "2015.08.19"]
[EventType "swiss"]
[EventRounds "9"]
[EventCountry "CZE"]
[SourceTitle "EXT 2016"]
[Source "ChessBase"]
[SourceDate "2015.10.08"]
[SourceVersion "1"]
[SourceVersionDate "2015.10.08"]
[SourceQuality "1"]

1. d4 d5 2. c4 c6 3. cxd5 cxd5 4. Nc3 Nf6 5. Bf4 Nc6 6. e3 a6 7. Bd3 Bd7 8. Nf3 e6 9. 0-0 Bb4 10. Rc1 h6 11. h3 0-0 12. Ne5 Rc8 13. Nxd7 Qxd7 14. a3 Bxc3 15. Rxc3 Na7 16. Rxc8 Rxc8 17. Qd2 Nc6 18. Rc1 Re8 19. b4 Na7 20. Rc7 Qa4 21. Rxb7 Nb5 22. Bxb5 axb5 23. Qd3 Rc8 24. Rxb5 Qa6 25. Kh2 Ne4 26. Bc7 Nc3 27. Qxc3 Qxb5 28. Qc5 Qb7 29. Bd6 Rxc5 30. dxc5 Qa6 31. Kg3 Qxa3 32. c6 Qa6 33. b5 Qxb5 34. c7 Qc6 35. Kf3 d4+ 36. Ke2 Qc2+ 0-1